Personnages de la série X-Files - Statistiques

Statistiques générales
  • Ce quiz a été pris 40 fois
  • Le résultat moyen est 7 sur 18
Statistiques - réponses
Par images Réponse % Correct
Dana Scully
100%
Fox Mulder
100%
Walter Skinner
86%
Eugene Victor Tooms
57%
L'homme à la cigarette/Le Fumeur
57%
Samantha Mulder
46%
Gorge Profonde
43%
Richard “Ringo” Langly
32%
Alex Krycek
30%
Jeffrey Spender
22%
Melvin Frohike
19%
John Fitzgerald Byers
14%
Monsieur X
14%
Diana Fowley
11%
Teena Mulder
8%
Marita Covarrubias
5%
Max Fenig
5%
Robert Patrick Modell
3%
Aucun quiz correspondant
Distribution des résultats
% des personnes avec chaque résultat
Percentile par nombre de réponses
Votre historique - résultats
Vous n’avez pas pris ce quiz